000
00306nam a2200121Ia 4500
008
190723s9999 xx 000 0 und d
020
_a
978-0-230-28359-6
100
_a
Javier Estrada
245
4
_a
The Essential Financial Toolkit
260
_a
Uk
_b
Palgrave MacMillan
_c
2011
300
_a
183.:p
942
_c
BK
999
_c
1651
_d
1651